Statistics for Click a Valid Liverpool Player

Click here to take the quiz!

General Stats

  • This quiz has been taken 15 times
  • The average score is 28 of 45

Answer Stats

QuestionTileSelect% Correct
Have over 100 goals for the clubDaniel SturridgeNo
100%
Have won the UEFA Champions League or European Cup with LiverpoolJordan IbeNo
100%
Have over 100 goals for the clubMohamed SalahYes
100%
Have won the UEFA Champions League or European Cup with LiverpoolSadio ManéYes
100%
Have won the UEFA Champions League or European Cup with LiverpoolLucas LeivaNo
93%
Have made over 500 appearances for LiverpoolTrent Alexander-ArnoldNo
93%
Have made over 500 appearances for LiverpoolAndrew RobertsonNo
87%
Have made over 500 appearances for LiverpoolJamie CarragherYes
87%
Have won the UEFA Champions League or European Cup with LiverpoolLuis SuárezNo
87%
Have won the UEFA Champions League or European Cup with LiverpoolSteven GerrardYes
87%
Have over 100 goals for the clubIan RushYes
80%
Have made over 500 appearances for LiverpoolPepe ReinaNo
80%
Have played for both Liverpool and EvertonSteven GerrardNo
80%
Have over 100 goals for the clubSteven GerrardYes
80%
Have played for both Liverpool and EvertonAlberto MorenoNo
73%
Have over 100 goals for the clubFernando TorresNo
73%
Have been booked (yellow or red) more than 50 timesJamie CarragherYes
73%
Have played for both Liverpool and EvertonRaheem SterlingNo
73%
Have played for both Liverpool and EvertonTrent Alexander-ArnoldNo
73%
Have been booked (yellow or red) more than 50 timesAndrew RobertsonNo
67%
Have won the UEFA Champions League or European Cup with LiverpoolFernando TorresNo
67%
Have over 100 goals for the clubLuis SuárezNo
67%
Have over 100 goals for the clubSadio ManéYes
67%
Have been booked (yellow or red) more than 50 timesVirgil van DijkNo
67%
Have played for both Liverpool and EvertonGlen JohnsonNo
60%
Have won the UEFA Champions League or European Cup with LiverpoolPepe ReinaNo
60%
Have played for both Liverpool and EvertonPeter BeardsleyYes
60%
Have won the UEFA Champions League or European Cup with LiverpoolSami HyypiäYes
60%
Have made over 500 appearances for LiverpoolSteve NicolNo
60%
Have been booked (yellow or red) more than 50 timesFabinhoNo
53%
Have made over 500 appearances for LiverpoolIan CallaghanYes
53%
Have been booked (yellow or red) more than 50 timesDaniel AggerNo
47%
Have played for both Liverpool and EvertonDavid JohnsonYes
47%
Have won the UEFA Champions League or European Cup with LiverpoolIan RushYes
47%
Have made over 500 appearances for LiverpoolRay ClemenceYes
47%
Have played for both Liverpool and EvertonSteve McMahonYes
47%
Have been booked (yellow or red) more than 50 timesSteven GerrardYes
47%
Have made over 500 appearances for LiverpoolBruce GrobbelaarYes
40%
Have over 100 goals for the clubRoger HuntYes
40%
Have played for both Liverpool and EvertonSander WesterveldYes
33%
Have been booked (yellow or red) more than 50 timesJordan HendersonYes
27%
Have been booked (yellow or red) more than 50 timesLucas LeivaYes
27%
Have made over 500 appearances for LiverpoolJordan HendersonNo
20%
Have been booked (yellow or red) more than 50 timesMartin ŠkrtelNo
13%
Have over 100 goals for the clubJohn BarnesYes
7%

Score Distribution

Percentile by Number Answered

Percent of People with Each Score

Your Score History

You have not taken this quiz